Folk song style and culture

Bewaard in:
Bibliografische gegevens
Hoofdauteur: Lomax, Alan (autor)
Formaat: Boek
Taal:Engels
Gepubliceerd in: Washington, D.C American Association for the Advancement of Science 1968
Reeks:Publication, 88
Onderwerpen:
Tags: Voeg label toe
Geen labels, Wees de eerste die dit record labelt!

MARC

LEADER 00000nam a2200000 a 4500
001 UCZ5708
003 CL-VaPUC
008 951124e19680000US |||||||||||||||||eng|d
082 0 4 |a 781.62  |b LOM  |2 21 
100 |a Lomax, Alan  |e autor  |9 349864 
245 1 0 |a Folk song style and culture 
300 |a 363 p 
942 |c BK 
945 |d 19951124 00:00:00  |a cmena 
260 |a Washington, D.C  |b American Association for the Advancement of Science  |c 1968 
650 0 |a Música  |9 306269 
650 0 |a Música folklórica  |9 306412 
650 0 |a Cultura  |9 269059 
650 7 |a ESTADISTICAS CULTURALES  |2 CL-VaPUC  |9 349865 
583 |a last modification  |c 19951124 00:00:00  |k Rodrigo Vera 
490 0 |a Publication, 88 
999 |c 241998  |d 241996 
952 |0 0  |1 0  |4 0  |6 781_620000000000000_LOM_1968  |7 0  |8 P  |9 254659  |a BIBEDU  |b BIBEDU  |c BIBEDU_PB  |d 2019-11-19  |i 1576305  |o 781.62 LOM 1968  |p 1576305  |r 2024-01-25  |w 2019-11-19  |y BK  |k FIL